| 000 | 00911nam a22002297a 4500 | ||
|---|---|---|---|
| 001 | 76364 | ||
| 003 | BD-RjUL | ||
| 005 | 20211209082830.0 | ||
| 008 | 191127s2018 bg ||||| |||| 00| 0 ben d | ||
| 020 | _a 9847008401429 | ||
| 035 | _a(BD-RjUL)76585 | ||
| 040 |
_aBD-RjUL _beng _cBD-RjUL |
||
| 041 | _aeng | ||
| 082 |
_223 _a327.5492054 _bREB 2018 |
||
| 100 |
_aরেহমান, তারেক শামসুর _9163936 |
||
| 245 |
_aবাংলাদেশের পূর্বমুখী পররাষ্ট্রনীতি : _bএকটি মূল্যায়ন / _cতারেক শামসুর রেহমান |
||
| 260 |
_aঢাকা : _bশোভা প্রকাশ, _c২০১৮. |
||
| 300 |
_a১৯৯ পৃ. ; _c২২ সেমি. |
||
| 651 |
_aBangladesh _x Foreign relations _9235650 |
||
| 651 |
_aBangladesh _xDiplomatic relations _9235651 |
||
| 942 |
_2ddc _cBK |
||
| 999 |
_c76364 _d76364 |
||